[Event "FICGS rapid M 000093 email"]
[Site "FICGS email"]
[Date "2018.04.18"]
[Round "1"]
[White "Unger, Peter"]
[Black "Ortiz, Clodomiro"]
[Result "1/2-1/2"]
[WhiteElo "2235"]
[BlackElo "2217"]
[PlyCount "105"]
[EventDate "2018.??.??"]
[EventType "tourn (rapid)"]
[EventRounds "6"]
[SourceTitle "Corr 2022"]
[Source "ChessBase"]
[SourceDate "2021.10.24"]
[SourceVersion "1"]
[SourceVersionDate "2021.10.24"]
[SourceQuality "1"]

1. d4 Nf6 2. Nf3 d5 3. c4 e6 4. Nc3 c6 5. Bg5 h6 6. Bxf6 Qxf6 7. e3 Nd7 8. Be2 g6 9. 0-0 Qe7 10. e4 dxc4 11. Bxc4 Bg7 12. e5 0-0 13. Re1 b5 14. Bd3 Bb7 15. Be4 Rfd8 16. Qe2 Rac8 17. Rac1 Nb6 18. Nb1 Rd7 19. Qc2 Nd5 20. Nbd2 c5 21. dxc5 Nb4 22. Qb3 Rxc5 23. Rxc5 Qxc5 24. Bxb7 Rxb7 25. h4 Nd5 26. Ne4 Qc7 27. Qd1 Qb6 28. Qd2 Rc7 29. g3 Qc6 30. Nd4 Qb6 31. Nf3 b4 32. Rc1 a5 33. Kg2 Rxc1 34. Qxc1 Qb8 35. b3 Bxe5 36. Qxh6 Bg7 37. Qg5 Nc3 38. Nf6+ Bxf6 39. Qxf6 Qa8 40. Kg1 Nxa2 41. Ng5 Qf8 42. h5 gxh5 43. Ne4 Qg7 44. Qh4 Qg6 45. Qd8+ Kg7 46. Qd4+ f6 47. Qa7+ Qf7 48. Qxa5 Nc1 49. Qxb4 e5 50. Qb6 Nxb3 51. Nd6 Qe6 52. Qc7+ Kh6 53. Nf7+ 1/2-1/2

[Event "FICGS W-ch st2 g03 email"]
[Site "FICGS email"]
[Date "2012.12.03"]
[Round "1"]
[White "D Ettorre, Rodolfo"]
[Black "Unger, Peter"]
[Result "1/2-1/2"]
[WhiteElo "2083"]
[BlackElo "2179"]
[PlyCount "64"]
[EventDate "2012.??.??"]
[EventType "tourn (corr)"]
[EventRounds "8"]
[SourceTitle "Corr 2022"]
[Source "ChessBase"]
[SourceDate "2021.10.24"]
[SourceVersion "1"]
[SourceVersionDate "2021.10.24"]
[SourceQuality "1"]

1. Nf3 Nf6 2. g3 b5 3. Bg2 Bb7 4. 0-0 e6 5. d3 Be7 6. e4 d6 7. Nbd2 c5 8. a4 b4 9. e5 dxe5 10. Nxe5 Bxg2 11. Kxg2 0-0 12. Ndc4 Nd5 13. Re1 Qc8 14. b3 f6 15. Nf3 Nc6 16. Bb2 e5 17. Qe2 Qd7 18. Qe4 Rac8 19. Ne3 Nc7 20. Kg1 Nd4 21. Nd2 Rf7 22. h4 Bf8 23. Bxd4 cxd4 24. Nec4 Nd5 25. Qg2 Rd8 26. Kh2 g6 27. Qh3 Qf5 28. Ne4 Rc7 29. Kg2 Rc6 30. Rh1 h5 31. Rae1 Re8 32. Rhg1 Qxh3+ 1/2-1/2

[Event "FICGS rapid M 000034 email"]
[Site "FICGS email"]
[Date "2010.10.29"]
[Round "1"]
[White "Unger, Peter"]
[Black "Fric, Lubos"]
[Result "1/2-1/2"]
[WhiteElo "2131"]
[BlackElo "2205"]
[PlyCount "41"]
[EventDate "2010.??.??"]
[EventType "tourn (rapid)"]
[EventRounds "6"]
[SourceTitle "Corr 2013"]
[Source "ChessBase"]
[SourceDate "2012.11.12"]
[SourceVersion "1"]
[SourceVersionDate "2012.11.12"]
[SourceQuality "1"]

1. d4 Nf6 2. Nf3 d5 3. c4 e6 4. Nc3 c6 5. e3 Nbd7 6. Qc2 Bd6 7. Bd3 0-0 8. 0-0 dxc4 9. Bxc4 a6 10. Rd1 b5 11. Bd3 Bb7 12. Ng5 h6 13. Nge4 Be7 14. Nxf6+ Nxf6 15. Ne4 Nxe4 16. Bxe4 Qb6 17. Bd2 a5 18. a3 b4 19. Rdc1 Rab8 20. axb4 axb4 21. Qa4 1/2-1/2

[Event "FICGS rapid M 000032 email"]
[Site "FICGS email"]
[Date "2010.09.07"]
[Round "1"]
[White "Unger, Peter"]
[Black "Bernal Varela, Nelson"]
[Result "1/2-1/2"]
[WhiteElo "2131"]
[BlackElo "2116"]
[PlyCount "109"]
[EventDate "2010.??.??"]
[EventType "tourn (rapid)"]
[EventRounds "6"]
[SourceTitle "Corr 2013"]
[Source "ChessBase"]
[SourceDate "2012.11.12"]
[SourceVersion "1"]
[SourceVersionDate "2012.11.12"]
[SourceQuality "1"]

1. e4 c5 2. Nf3 d6 3. d4 cxd4 4. Nxd4 Nf6 5. Nc3 a6 6. f3 e5 7. Nb3 Be6 8. Be3 Nbd7 9. Qd2 b5 10. 0-0-0 b4 11. Nd5 Bxd5 12. exd5 a5 13. Bb5 a4 14. Na1 a3 15. Nb3 Be7 16. Qxb4 axb2+ 17. Kxb2 0-0 18. a4 Qc7 19. Rhe1 Rfc8 20. c4 Rcb8 21. Qc3 h6 22. a5 Bd8 23. a6 Nb6 24. Qd3 Nfd7 25. Bf2 Qc8 26. Ra1 f5 27. Qc2 e4 28. Bd4 Bf6 29. Bxf6 Nxf6 30. fxe4 fxe4 31. Rxe4 Nxe4 32. Qxe4 Qf8 33. Kc3 Qf2 34. Nd4 Nxc4 35. Qc2 Qe3+ 36. Qd3 Qxd3+ 37. Kxd3 Ne5+ 38. Kc3 g6 39. Ra3 Rc8+ 40. Nc6 Nd7 41. Kb4 Kg7 42. Re3 Nc5 43. Ka5 Kf8 44. Re2 h5 45. g3 Nb3+ 46. Kb6 Rcb8+ 47. Nxb8 Rxb8+ 48. Kc6 Nd4+ 49. Kxd6 Nxb5+ 50. Kc5 Kf7 51. Re1 g5 52. Re6 Nc7 53. Rc6 Nxa6+ 54. Rxa6 Rb2 55. h4 1/2-1/2

[Event "FICGS W-ch st2 g02 email"]
[Site "FICGS email"]
[Date "2010.07.06"]
[Round "1"]
[White "Parmet, Daniel Edward"]
[Black "Unger, Peter"]
[Result "1/2-1/2"]
[WhiteElo "2061"]
[BlackElo "2158"]
[PlyCount "42"]
[EventDate "2010.??.??"]
[EventType "tourn (corr)"]
[EventRounds "6"]
[SourceTitle "Corr 2013"]
[Source "ChessBase"]
[SourceDate "2012.11.12"]
[SourceVersion "1"]
[SourceVersionDate "2012.11.12"]
[SourceQuality "1"]

1. d4 d5 2. c4 c6 3. Nf3 Nf6 4. Nc3 e6 5. Bg5 h6 6. Bh4 dxc4 7. e4 g5 8. Bg3 b5 9. Be2 Bb7 10. h4 g4 11. Ne5 Nbd7 12. Nxg4 b4 13. Nxf6+ Nxf6 14. Na4 Nxe4 15. Be5 Rg8 16. Bxc4 Bd6 17. Qh5 c5 18. Rd1 cxd4 19. Rxd4 Qc7 20. Bxd6 Nxd6 21. Bxe6 Bxg2 1/2-1/2

[Event "FICGS W-ch st2 g02 email"]
[Site "FICGS email"]
[Date "2010.07.06"]
[Round "1"]
[White "Unger, Peter"]
[Black "Archer, J Robert"]
[Result "1/2-1/2"]
[WhiteElo "2158"]
[BlackElo "2149"]
[PlyCount "41"]
[EventDate "2010.??.??"]
[EventType "tourn (corr)"]
[EventRounds "6"]
[SourceTitle "Corr 2013"]
[Source "ChessBase"]
[SourceDate "2012.11.12"]
[SourceVersion "1"]
[SourceVersionDate "2012.11.12"]
[SourceQuality "1"]

1. d4 Nf6 2. Nf3 e6 3. c4 b6 4. g3 Ba6 5. b3 Bb4+ 6. Bd2 Be7 7. Bg2 c6 8. Bc3 d5 9. Nbd2 Nbd7 10. 0-0 0-0 11. Re1 c5 12. e4 dxe4 13. Nxe4 Bb7 14. Nfg5 cxd4 15. Bxd4 Qc7 16. Nxf6+ Bxf6 17. Bxb7 Qxb7 18. Ne4 Bxd4 19. Qxd4 Rad8 20. Rad1 Qc7 21. Qd6 1/2-1/2

[Event "FICGS W-ch st2 g02 email"]
[Site "FICGS email"]
[Date "2010.07.06"]
[Round "1"]
[White "Unger, Peter"]
[Black "D'Ettorre, Rodolfo"]
[Result "1/2-1/2"]
[WhiteElo "2158"]
[BlackElo "1997"]
[PlyCount "63"]
[EventDate "2010.??.??"]
[EventType "tourn (corr)"]
[EventRounds "6"]
[SourceTitle "Corr 2013"]
[Source "ChessBase"]
[SourceDate "2012.11.12"]
[SourceVersion "1"]
[SourceVersionDate "2012.11.12"]
[SourceQuality "1"]

1. d4 Nf6 2. Nf3 d6 3. c4 g6 4. Nc3 Bg7 5. e4 0-0 6. Be2 e5 7. 0-0 Nc6 8. d5 Ne7 9. b4 Nh5 10. h3 f5 11. Re1 a5 12. b5 b6 13. Bd3 fxe4 14. Nxe4 h6 15. a4 Nf4 16. Bf1 Qe8 17. Nh2 Bf5 18. Ra3 Nh5 19. Ng4 Kh7 20. g3 Ng8 21. Nh2 Nhf6 22. Nxf6+ Bxf6 23. g4 Bd7 24. Bd3 Qf7 25. Nf3 Kg7 26. Bb1 Ne7 27. Nh2 Bg5 28. Rf3 Qg8 29. Bxg5 hxg5 30. Rxf8 Rxf8 31. Kg2 Qh7 32. Qd3 1/2-1/2

[Event "FICGS W-ch st2 g02 email"]
[Site "FICGS email"]
[Date "2010.07.06"]
[Round "1"]
[White "Unger, Peter"]
[Black "Schmid, Pablo"]
[Result "1/2-1/2"]
[WhiteElo "2158"]
[BlackElo "2227"]
[PlyCount "45"]
[EventDate "2010.??.??"]
[EventType "tourn (corr)"]
[EventRounds "6"]
[SourceTitle "Corr 2013"]
[Source "ChessBase"]
[SourceDate "2012.11.12"]
[SourceVersion "1"]
[SourceVersionDate "2012.11.12"]
[SourceQuality "1"]

1. d4 Nf6 2. Nf3 g6 3. c4 Bg7 4. Nc3 d5 5. cxd5 Nxd5 6. e4 Nxc3 7. bxc3 c5 8. Rb1 0-0 9. Be2 cxd4 10. cxd4 Qa5+ 11. Bd2 Qxa2 12. 0-0 Bg4 13. Bg5 h6 14. Be3 Nc6 15. d5 Bxf3 16. Bxf3 Ne5 17. Rxb7 a5 18. Rxe7 a4 19. Bd4 Nxf3+ 20. gxf3 Bxd4 21. Qxd4 a3 22. d6 Qb2 23. Qd5 1/2-1/2

[Event "FICGS W-ch st1 g12 email"]
[Site "FICGS email"]
[Date "2010.07.02"]
[Round "1"]
[White "Kehayov, Yulian"]
[Black "Unger, Peter"]
[Result "0-1"]
[WhiteElo "1200"]
[BlackElo "2158"]
[PlyCount "50"]
[EventDate "2010.??.??"]
[EventType "tourn (corr)"]
[EventRounds "6"]
[SourceTitle "Corr 2013"]
[Source "ChessBase"]
[SourceDate "2012.11.12"]
[SourceVersion "1"]
[SourceVersionDate "2012.11.12"]
[SourceQuality "1"]

1. e4 c5 2. d4 cxd4 3. Qxd4 Nc6 4. Qd1 Nf6 5. Bd3 g6 6. Nf3 d6 7. 0-0 Bg7 8. c4 Nd7 9. Na3 Nc5 10. Bc2 0-0 11. Be3 Bxb2 12. Rb1 Bxa3 13. Bxc5 Bxc5 14. Ba4 Ne5 15. Nxe5 dxe5 16. Qxd8 Rxd8 17. Bb3 Rd4 18. f3 Rxe4+ 19. Kh1 Re2 20. Rbe1 Rxe1 21. Rxe1 Bd4 22. Rd1 Be6 23. f4 Rc8 24. fxe5 Bxe5 25. Rc1 b5 0-1

[Event "FICGS rapid M 000028 email"]
[Site "FICGS email"]
[Date "2010.05.01"]
[Round "1"]
[White "Unger, Peter"]
[Black "Soszynski, Marek J"]
[Result "1/2-1/2"]
[WhiteElo "2160"]
[BlackElo "2171"]
[PlyCount "68"]
[EventDate "2010.??.??"]
[EventType "tourn (rapid)"]
[EventRounds "6"]
[SourceTitle "Corr 2013"]
[Source "ChessBase"]
[SourceDate "2012.11.12"]
[SourceVersion "1"]
[SourceVersionDate "2012.11.12"]
[SourceQuality "1"]

1. d4 g6 2. e4 Bg7 3. Nc3 d6 4. Nf3 a6 5. Be3 b5 6. Bd3 Bb7 7. 0-0 Nd7 8. Qd2 Ngf6 9. e5 dxe5 10. dxe5 Ng4 11. e6 Nde5 12. exf7+ Nxf7 13. Rad1 0-0 14. Qe2 Nxe3 15. Qxe3 Qe8 16. Nd4 Bh6 17. Qe2 Nd6 18. Qe6+ Qf7 19. Qxf7+ Rxf7 20. Ne6 Bg7 21. Rfe1 Rc8 22. Nxg7 Kxg7 23. a4 c6 24. Re5 Rc7 25. Ree1 Bc8 26. axb5 axb5 27. f3 Bf5 28. Ne2 Bxd3 29. Rxd3 c5 30. g3 Ra7 31. Kg2 b4 32. b3 Nb5 33. Nf4 Nd4 34. Ne6+ Nxe6 1/2-1/2

[Event "FICGS rapid M 000025 email"]
[Site "FICGS email"]
[Date "2010.02.04"]
[Round "1"]
[White "Deline, Ralph"]
[Black "Unger, Peter"]
[Result "1/2-1/2"]
[WhiteElo "2108"]
[BlackElo "2140"]
[PlyCount "68"]
[EventDate "2010.??.??"]
[EventType "tourn (rapid)"]
[EventRounds "6"]
[SourceTitle "Corr 2013"]
[Source "ChessBase"]
[SourceDate "2012.11.12"]
[SourceVersion "1"]
[SourceVersionDate "2012.11.12"]
[SourceQuality "1"]

1. e4 c5 2. c3 Nf6 3. e5 Nd5 4. Nf3 Nc6 5. d4 cxd4 6. cxd4 d6 7. Bc4 Nb6 8. Bb3 dxe5 9. d5 Na5 10. Nc3 f6 11. 0-0 Nxb3 12. Qxb3 e6 13. Be3 Kf7 14. d6 Qxd6 15. Nb5 Qd8 16. Rfd1 Nd5 17. Nc3 Qe7 18. Bc5 Qc7 19. Nxd5 exd5 20. Rac1 Be7 21. Bxa7 Qa5 22. Rxd5 Qb4 23. Qe3 Rd8 24. Rxd8 Bxd8 25. Qd3 Be6 26. Bc5 Qxb2 27. Rb1 Qxa2 28. Qxh7 Bc7 29. Rxb7 Qa1+ 30. Rb1 Qc3 31. Bb4 Qc4 32. Bd2 Rd8 33. Bh6 Qg4 34. Rc1 Rc8 1/2-1/2

[Event "FICGS rapid M 000025 email"]
[Site "FICGS email"]
[Date "2010.02.04"]
[Round "1"]
[White "Gray, Garvin"]
[Black "Unger, Peter"]
[Result "1/2-1/2"]
[WhiteElo "2156"]
[BlackElo "2140"]
[PlyCount "84"]
[EventDate "2010.??.??"]
[EventType "tourn (rapid)"]
[EventRounds "6"]
[SourceTitle "Corr 2013"]
[Source "ChessBase"]
[SourceDate "2012.11.12"]
[SourceVersion "1"]
[SourceVersionDate "2012.11.12"]
[SourceQuality "1"]

1. e4 c5 2. Nf3 d6 3. d4 cxd4 4. Nxd4 Nf6 5. Nc3 a6 6. Bc4 e6 7. Bb3 b5 8. 0-0 Be7 9. Be3 0-0 10. f4 Qc7 11. a3 Nbd7 12. f5 e5 13. Nde2 Bb7 14. Ng3 Nc5 15. Nd5 Bxd5 16. Bxd5 Nxd5 17. Qxd5 Nd7 18. Qd2 Rfc8 19. c3 Qb7 20. Rad1 Rd8 21. Qe2 Rac8 22. Qf3 Rc4 23. Rd3 Nf6 24. Bg5 Ne8 25. Bxe7 Qxe7 26. h3 a5 27. f6 Nxf6 28. Nf5 Qf8 29. Nh6+ Kh8 30. Qf5 Rc7 31. Qf2 d5 32. exd5 Rd6 33. Ng4 Nxg4 34. hxg4 h6 35. g5 hxg5 36. Qf5 Qe7 37. Re1 g6 38. Qxe5+ Qxe5 39. Rxe5 Kg7 40. Re4 f5 41. Red4 a4 42. g4 Kf6 1/2-1/2

[Event "FICGS W-ch final email"]
[Site "FICGS email"]
[Date "2009.11.19"]
[Round "1"]
[White "Riccio, Domenico"]
[Black "Unger, Peter"]
[Result "1-0"]
[WhiteElo "2189"]
[BlackElo "2145"]
[PlyCount "57"]
[EventDate "2009.??.??"]
[EventType "tourn (corr)"]
[EventRounds "6"]
[EventCategory "5"]
[SourceTitle "Corr 2022"]
[Source "ChessBase"]
[SourceDate "2021.10.24"]
[SourceVersion "1"]
[SourceVersionDate "2021.10.24"]
[SourceQuality "1"]

1. d4 d5 2. Nf3 Nf6 3. c4 e6 4. Nc3 c6 5. e3 Nbd7 6. Qc2 Bd6 7. Bd3 0-0 8. 0-0 dxc4 9. Bxc4 a6 10. Rd1 b5 11. Bd3 Bb7 12. Ng5 Bxh2+ 13. Kxh2 Ng4+ 14. Kg1 Qxg5 15. f3 Ngf6 16. e4 Qh4 17. Be3 e5 18. Ne2 Nh5 19. Qd2 h6 20. a4 Rfd8 21. b4 exd4 22. Bxd4 Rac8 23. Rac1 Qe7 24. g4 Nhf6 25. Ng3 c5 26. Nf5 Qf8 27. Ba1 c4 28. Bc2 Ne8 29. g5 1-0

[Event "FICGS W-ch final email"]
[Site "FICGS email"]
[Date "2009.11.19"]
[Round "1"]
[White "Unger, Peter"]
[Black "Sharland, Michael"]
[Result "1/2-1/2"]
[WhiteElo "2145"]
[BlackElo "2212"]
[PlyCount "85"]
[EventDate "2009.??.??"]
[EventType "tourn (corr)"]
[EventRounds "6"]
[EventCategory "5"]
[SourceTitle "Corr 2022"]
[Source "ChessBase"]
[SourceDate "2021.10.24"]
[SourceVersion "1"]
[SourceVersionDate "2021.10.24"]
[SourceQuality "1"]

1. d4 Nf6 2. Nf3 e6 3. c4 d5 4. Nc3 c6 5. e3 Nbd7 6. Qc2 Bd6 7. Bd3 0-0 8. 0-0 dxc4 9. Bxc4 a6 10. Rd1 b5 11. Bd3 Bb7 12. Ng5 Bxh2+ 13. Kxh2 Ng4+ 14. Kg1 Qxg5 15. f3 Ngf6 16. e4 Qh4 17. Be3 e5 18. Ne2 Nh5 19. Qd2 h6 20. b4 Rad8 21. a4 exd4 22. Bxd4 Rfe8 23. Qc3 Qe7 24. a5 Ne5 25. Bc2 Ng6 26. g3 Nf6 27. Rd2 Ne5 28. Bc5 Qe6 29. Bb3 Nc4 30. Rxd8 Rxd8 31. Rf1 Nh5 32. Kg2 Bc8 33. Rh1 Nf6 34. Bxc4 bxc4 35. Nf4 Qd7 36. Qxc4 g5 37. Nh3 g4 38. Nf2 gxf3+ 39. Kxf3 Ng4 40. Qc1 f5 41. Rd1 fxe4+ 42. Kg2 Qe8 43. Qc4+ 1/2-1/2

[Event "FICGS W-ch st1 g16 email"]
[Site "FICGS email"]
[Date "2009.11.02"]
[Round "1"]
[White "Unger, Peter"]
[Black "Schmid, Pablo"]
[Result "1/2-1/2"]
[WhiteElo "2145"]
[BlackElo "2023"]
[PlyCount "43"]
[EventDate "2009.??.??"]
[EventType "tourn (corr)"]
[EventRounds "8"]
[SourceTitle "Corr 2022"]
[Source "ChessBase"]
[SourceDate "2021.10.24"]
[SourceVersion "1"]
[SourceVersionDate "2021.10.24"]
[SourceQuality "1"]

1. d4 Nf6 2. Nf3 g6 3. c4 Bg7 4. Nc3 d5 5. cxd5 Nxd5 6. e4 Nxc3 7. bxc3 c5 8. Rb1 0-0 9. Be2 cxd4 10. cxd4 Qa5+ 11. Bd2 Qxa2 12. 0-0 Bg4 13. Bg5 h6 14. Be3 Nc6 15. d5 Bxf3 16. gxf3 Nd4 17. Bxd4 Bxd4 18. Qxd4 Qxe2 19. Kg2 b6 20. Qb4 e6 21. Rfe1 Qa6 22. d6 1/2-1/2

[Event "FICGS rapid M 000021 email"]
[Site "FICGS email"]
[Date "2009.10.24"]
[Round "1"]
[White "Unger, Peter"]
[Black "Bernal Varela, Nelson"]
[Result "1/2-1/2"]
[WhiteElo "2144"]
[BlackElo "2100"]
[PlyCount "51"]
[EventDate "2009.??.??"]
[EventType "tourn (rapid)"]
[EventRounds "6"]
[SourceTitle "Corr 2022"]
[Source "ChessBase"]
[SourceDate "2021.10.24"]
[SourceVersion "1"]
[SourceVersionDate "2021.10.24"]
[SourceQuality "1"]

1. d4 Nf6 2. Nf3 g6 3. c4 Bg7 4. Nc3 d5 5. cxd5 Nxd5 6. e4 Nxc3 7. bxc3 c5 8. Rb1 0-0 9. Be2 Nc6 10. d5 Bxc3+ 11. Bd2 Bxd2+ 12. Qxd2 Na5 13. h4 Bg4 14. h5 Bxf3 15. gxf3 Qc7 16. Qh6 g5 17. Qxg5+ Kh8 18. Qg3 Qd7 19. Rh4 Rg8 20. Rg4 f6 21. Bb5 Qd6 22. Qxd6 exd6 23. Bd7 Rab8 24. h6 Rg6 25. Be6 b5 26. Ke2 1/2-1/2

[Event "FICGS rapid M 000021 email"]
[Site "FICGS email"]
[Date "2009.10.24"]
[Round "1"]
[White "Unger, Peter"]
[Black "Domingo Gadea, Jordi"]
[Result "1/2-1/2"]
[WhiteElo "2144"]
[BlackElo "2188"]
[PlyCount "59"]
[EventDate "2009.??.??"]
[EventType "tourn (rapid)"]
[EventRounds "6"]
[SourceTitle "Corr 2022"]
[Source "ChessBase"]
[SourceDate "2021.10.24"]
[SourceVersion "1"]
[SourceVersionDate "2021.10.24"]
[SourceQuality "1"]

1. d4 d5 2. Nf3 c5 3. c4 dxc4 4. e3 Nf6 5. Bxc4 e6 6. 0-0 a6 7. dxc5 Qxd1 8. Rxd1 Bxc5 9. b3 Nbd7 10. Bb2 b6 11. Be2 Bb7 12. Nbd2 0-0 13. Rac1 Rac8 14. Nc4 Rc7 15. Nfe5 Rfc8 16. a4 Bd5 17. Nd2 Bb7 18. h3 h6 19. Ndc4 Bd5 20. Nxd7 Nxd7 21. Ne5 Nb8 22. Bc4 Bxc4 23. Nxc4 Nc6 24. Be5 Nxe5 25. Nxe5 f6 26. Nd7 Bd6 27. Rxc7 Bxc7 28. a5 bxa5 29. Nc5 Be5 30. Nxe6 1/2-1/2

[Event "FICGS rapid M 000019 email"]
[Site "FICGS email"]
[Date "2009.07.27"]
[Round "1"]
[White "Unger, Peter"]
[Black "Boehme, Sebastian"]
[Result "1/2-1/2"]
[WhiteElo "2143"]
[BlackElo "2199"]
[PlyCount "68"]
[EventDate "2009.??.??"]
[EventType "tourn (rapid)"]
[EventRounds "6"]
[SourceTitle "Corr 2022"]
[Source "ChessBase"]
[SourceDate "2021.10.24"]
[SourceVersion "1"]
[SourceVersionDate "2021.10.24"]
[SourceQuality "1"]

1. e4 c5 2. Nf3 d6 3. d4 cxd4 4. Nxd4 Nf6 5. Nc3 a6 6. Be3 e5 7. Nb3 Be6 8. f3 Be7 9. Qd2 0-0 10. 0-0-0 Nbd7 11. g4 b5 12. g5 b4 13. Ne2 Ne8 14. f4 a5 15. f5 Bxb3 16. cxb3 a4 17. bxa4 Rxa4 18. Kb1 Rxa2 19. Nc1 Ra8 20. Nb3 Qc7 21. Bb5 Nc5 22. Nxc5 dxc5 23. f6 gxf6 24. gxf6 Bxf6 25. Qf2 Qa5 26. Bc4 Kh8 27. Bxc5 Bh4 28. Qe3 Rg8 29. Rhg1 Ng7 30. Rc1 Ne6 31. Rxg8+ Kxg8 32. Bd5 Qa1+ 33. Kc2 Qa4+ 34. Kb1 Qa1+ 1/2-1/2